000 00665nam a2200265Ia 4500
005 20260121165418.0
008 008 260114s9999 xx 000 0 eng d
020 _a9783319341026
037 _aEBOOK
040 _aCRL
040 _beng
040 _cCRL
041 _2eng
041 _aeng
084 _qCRL
100 _aP. E. Caquet
_91051387
245 4 _aThe Orient, the Liberal Movement, and the Eastern Crisis of 1839-41
260 _bSpringer
260 _bSpringer
260 _c2016
856 _uhttps://link.springer.com/openurl?genre=book&isbn=978-3-319-34102-6
942 _cEBOOK
999 _c1617112
_d1617112